00968nam a22002297a 4500003000900000008004100009040007100050082002300121110005100144245004700195260002700242300002600269505030100295650002000596650002100616650001600637650002300653700001400676700002100690700001400711700001300725AR-CdUCM190305b ||||| |||| 00| 0 spa d aMUNICIPALIDAD PROVINCIAL DEL CUSCOcBIBLIOTECA MUNICIPAL DEL CUSCO a333.1 /bE9222ed. aCentro de estudio y promoción del desarrollo aEstado y política agraria :b4 ensayos / aLima :bAmauta,c1977. a350 paginas ;c20 cm. aLa reforma agraria peruana en la crisis del estado oligárquico -- La crisis del estado oligárquico y los planteamientos iniciales de reforma agraria -- La coyuntura 1968-1969 y la nueva ley de reforma agraria (D. L. 17716) -- La lucha política 1970-1974 y el proceso de reforma agraria ... aReforma agraria aLucha política aAgricultura aestructura agraria aPease, H. aGarcia Sayan, D. aEguren, F aRubio, M